Test wiedzy o Skolimie - Statystyki

Ogólne statystyki
  • Ten quiz został rozwiązany 106 razy
  • Średni wynik to 9 z 15
Statystyki odpowiedzi
pytanie odpowiedź % Poprawnych
jak Skolim się nazywa? Konrad Skolimowski
84%
jak się nazywał zespół Skolima? Skolim
74%
jak się nazywają pierwsze perfumy wypuszczone przez Skolima? temperatura
71%
kiedy Skolim ma urodziny? 9 października
70%
gdzie znajduje się stacja Skolima? Czeremcha
70%
w którym roku Skolim zadebiutował na scenie muzycznej? 2018
67%
w jakim programie Skolim jest jurorem? Disco Star
62%
jak się nazywa gitarzysta Skolima? Łukasz Luxon Jurga
62%
jaką piosenka piosenką Skolim zaviralował? Wyglądasz idealnie
57%
jakiej wiary jest Skolim? katolickiej
54%
jaki jest pseudonim Skolima? Król Latino
48%
ile najtaniej koszowała benzyna u Skolima? 4.99
46%
z kim Skolim walczył na gali Prime 2:kosmos? Jaś Kapela
41%
jakie było pierwsze koncertowe auto Skolima (marka i numer) bmw e46
29%
co studiował Skolim? stosunki międzynarodowe
28%
Nie znaleziono quizów pasujących do podanych kryteriów
Rozkład punktacji
Procent ludzi z każdym wynikiem
Percentyl według liczby udzielonych odpowiedzi
Twoja historia wyników
Nie rozwiązałeś tego quizu